Lauro Olmo. (Record no. 172443)
[ view plain ]
| 000 -LEADER | |
|---|---|
| campo de control de longitud fija | 00737nam a2200205 i 4500 |
| 001 - NÚMERO DE CONTROL | |
| campo de control | 172443 |
| 003 - IDENTIFICADOR DE NÚMERO DE CONTROL | |
| campo de control | ES-MaACL |
| 005 - FECHA Y HORA DE LA ÚLTIMA TRANSACCIÓN | |
| campo de control | 20231223063115.0 |
| 008 - DATOS DE LONGITUD FIJA--INFORMACIÓN GENERAL | |
| campo de control de longitud fija | 090707s1995 sp |||| |dspa d |
| 080 ## - NÚMERO DE LA CLASIFICACIÓN DECIMAL UNIVERSAL | |
| Número de la Clasificación Decimal Universal | 821.134.2 Olmo, Lauro 1.07 |
| 245 00 - MENCIÓN DEL TÍTULO | |
| Título | Lauro Olmo. |
| 260 ## - PUBLICACIÓN, DISTRIBUCIÓN, ETC. | |
| Lugar de publicación, distribución, etc. | [Alcalá de Henares (Madrid)] : |
| Nombre del editor, distribuidor, etc. | Servicio de Publicaciones de la Universidad de Alcalá, |
| Fecha de publicación, distribución, etc. | 1995. |
| 300 ## - DESCRIPCIÓN FÍSICA | |
| Extensión | 303 p. ; |
| Dimensiones | 25 cm. |
| 500 ## - NOTA GENERAL | |
| Nota general | En: Teatro, revista de estudios teatrales, dedicado a Lauro Olmo, en diciembre de 1995. |
| 600 17 - PUNTO DE ACCESO ADICIONAL DE MATERIA--NOMBRE DE PERSONA | |
| Nombre de persona | Olmo, Lauro, |
| Fechas asociadas al nombre | 1922-1994- |
| Subdivisión general | Crítica e interpretación |
| 9 (RLIN) | 140977 |
| 710 2# - ENTRADA AGREGADA--NOMBRE DE ENTIDAD CORPORATIVA | |
| Nombre de entidad corporativa o nombre de jurisdicción como elemento de entrada | Universidad de Alcalá de Henares. |
| 9 (RLIN) | 7135 |
| 852 ## - LOCALIZACIÓN | |
| Ubicación | ES-MaACL |
| Número de control de estantería | E-12758 |
| 942 ## - ELEMENTOS DE ENTRADA SECUNDARIOS (KOHA) | |
| Fuente del sistema de clasificación o colocación | Clasificación decimal universal |
| Estatus retirado | Estado de pérdida | Estado de daño | No para préstamo | Biblioteca de origen | Biblioteca actual | Ubicación en estantería | Fecha de adquisición | Fuente de adquisición | Total de préstamos | Signatura topográfica completa | Código de barras | Visto por última vez | Precio de reemplazo | Tipo de ítem Koha |
|---|---|---|---|---|---|---|---|---|---|---|---|---|---|---|
| Biblioteca del Ateneo de Madrid | Biblioteca del Ateneo de Madrid | Depósito 2 | 07/07/2009 | E-12758 | 1180966 | 23/02/2023 | 23/02/2023 | Libro impreso |
